• 首页
  • 本馆介绍
  • 公告通知
  • 最新文献
  • 馆藏检索
  • 电子资源
  • 读者导购
  • 参考咨询
  • 我的图书馆
  • 登录
  • 详细信息显示
  • 放入我的书架
  • 预约/预借图书
  • 作者相关作品
  • 分类相关作品
  • 丛书相关作品
  • 出版社相关作品

书目信息

  • 表格格式
  • 工作单格式
  • 卡片格式
题名:
美国顶尖寄宿高中100校
    
 
作者: 朴泰仙 主编
分册:  
出版信息: 北京   中国铁道出版社  2015.08
页数: 280页
开本: 24cm
丛书名:
单 册:
中图分类: G639.712.8
科图分类:
主题词: 中等学校--介绍--美国
电子资源:
ISBN: 978-7-113-19382-9
000 01082nam0 2200277 450
001 0120151625069
005 20160512150852.01
010    @a978-7-113-19382-9@dCNY88.00
100    @a20150803d2015 em y0chiy50 ea
101 0  @achi
102    @aCN@b110000
105    @ay z 000yy
106    @ar
200 1  @a美国顶尖寄宿高中100校@9mei guo ding jian ji su gao zhong 100xiao@f朴泰仙主编
205    @a2版
210    @a北京@c中国铁道出版社@d2015.08
215    @a280页@d24cm
312    @a封面英文题名:USA prestigious 100 boarding high schools
330    @a本书是一本工具类参考书,书中以2013年最新的US News and World Report《美国新闻和世界报道》发布的美国高中寄宿高中排名为参考,选取了前100排名的学校,对学校的各种信息进行汇总,使对美国高中留学有兴趣的家长和学生对美国寄宿高中有一个整体的认识。
333    @a赴外留学生及家长
510 1  @aUSA prestigious 100 boarding high schools@zeng
606 0  @a中等学校@x介绍@y美国
690    @aG639.712.8@v5
701  0 @a朴泰仙@9piao tai xian@4主编
801  0 @aCN@b人天书店@c20150803
905    @b875272-77@dG639.712.8@e1176=2@f6
    
    美国顶尖寄宿高中100校/朴泰仙主编.-2版.-北京:中国铁道出版社,2015.08
    280页;24cm
    使用对象:赴外留学生及家长
    
    ISBN 978-7-113-19382-9:CNY88.00
    本书是一本工具类参考书,书中以2013年最新的US News and World Report《美国新闻和世界报道》发布的美国高中寄宿高中排名为参考,选取了前100排名的学校,对学校的各种信息进行汇总,使对美国高中留学有兴趣的家长和学生对美国寄宿高中有一个整体的认识。
●
相关链接 在E读中查询图书 在五车中查询图书 在当当中查询图书 在豆瓣中查询图书


正题名:美国顶尖寄宿高中100校     索取号:G639.712.8/1176=2         预约/预借

序号 登录号 条形码 馆藏地/架位号 状态 备注
1 875272   208752722   第一样本阅览室/ [索取号:G639.712.8/1176=2] 在馆    
2 875273   208752731   教育系资料室/ [索取号:G639.712.8/1176=2] 在馆    
3 875274   208752740   教育系资料室/ [索取号:G639.712.8/1176=2] 在馆    
4 875275   208752759   教育系资料室/ [索取号:G639.712.8/1176=2] 在馆    
5 875276   208752768   第四借阅区/ [索取号:G639.712.8/1176=2] 在馆    
6 875277   208752777   第四借阅区/ [索取号:G639.712.8/1176=2] 在馆    
唐山师范学院图书馆 欢迎您!
大连网信软件有限公司© 版权所有